MARC details
| 000 -CABECERA |
| campo de control de longitud fija |
01057nam a2200241 a 4500 |
| 001 - NÚMERO DE CONTROL |
| campo de control |
000015943 |
| 005 - FECHA Y HORA DE LA ÚLTIMA TRANSACCIÓN |
| campo de control |
20200929164218.0 |
| 008 - DATOS DE LONGITUD FIJA--INFORMACIÓN GENERAL |
| campo de control de longitud fija |
100222s2005 dr 000 0 spa d |
| 020 ## - NÚMERO INTERNACIONAL ESTÁNDAR DEL LIBRO |
| Número Internacional Estándar del Libro |
9993497878 |
| 040 ## - FUENTE DE LA CATALOGACIÓN |
| Centro catalogador/agencia de origen |
DO-SdBNP |
| Lengua de catalogación |
spa |
| Centro/agencia transcriptor |
BNPHU |
| 082 ## - NÚMERO DE LA CLASIFICACIÓN DECIMAL DEWEY |
| Número de clasificación |
345.05 |
| Número de documento/Ítem |
S471i |
| 049 ## - FONDOS LOCALES (OCLC) |
| Fondos de biblioteca |
BNPD |
| 111 2# - ENTRADA PRINCIPAL--NOMBRE DE CONGRESO/REUNIÓN |
| Nombre de congreso/reunión o jurisdicción como elemento de entrada |
Seminario para la implementación del código procesal penal |
| Número del congreso/reunión o número de parte o sección |
(3a : |
| Fecha del congreso/reunión |
2005 : |
| Sede del congreso/Lugar de la reunión |
Santo domingo) |
| 9 (RLIN) |
35828 |
| 245 10 - MENCIÓN DE TÍTULO |
| Título |
III seminario para la implementación del nuevo código procesal penal / |
| Mención de responsabilidad, etc. |
compilador Claudio Aníbal Medrano, Rafael A. De Jesús Cabral. |
| 246 12 - FORMA VARIANTE DE TÍTULO |
| Título propio/Titulo breve |
Tercer seminario para la implementación del nuevo código procesal penal. |
| 260 ## - PUBLICACIÓN, DISTRIBUCIÓN, ETC. |
| Lugar de publicación, distribución, etc. |
Santo Domingo : |
| Nombre del editor, distribuidor, etc. |
Escuela Nacional de la Judicatura, |
| Fecha de publicación, distribución, etc. |
2005. |
| 300 ## - DESCRIPCIÓN FÍSICA |
| Extensión |
196 p. ; |
| Dimensiones |
28 cm. |
| 500 ## - NOTA GENERAL |
| Nota general |
Incluye notas al pie de páginas |
| 650 #4 - PUNTO DE ACCESO ADICIONAL DE MATERIA--TÉRMINO DE MATERIA |
| Término de materia o nombre geográfico como elemento de entrada |
Derecho penal |
| Subdivisión general |
Legislación |
| Subdivisión geográfica |
República Dominicana |
| 9 (RLIN) |
16570 |
| 650 #4 - PUNTO DE ACCESO ADICIONAL DE MATERIA--TÉRMINO DE MATERIA |
| Término de materia o nombre geográfico como elemento de entrada |
Procedimiento penal |
| Subdivisión geográfica |
República Dominicana |
| 9 (RLIN) |
14474 |
| 700 1# - PUNTO DE ACCESO ADICIONAL--NOMBRE DE PERSONA |
| Nombre de persona |
Medrano, Claudio Aníbal |
| Término indicativo de función/relación |
comp. |
| 9 (RLIN) |
35829 |
| 700 1# - PUNTO DE ACCESO ADICIONAL--NOMBRE DE PERSONA |
| Nombre de persona |
De Jesús Cabral, Rafael A. |
| Término indicativo de función/relación |
comp. |
| 9 (RLIN) |
35830 |
| 999 ## - NÚMEROS DE CONTROL DE SISTEMA (KOHA) |
| -- |
0000184 |